000 00428nam a2200157Ia 4500
003 GCL
008 140319s9999 xx 000 0 eng d
040 _aGCL /
_cGCL
082 0 4 _a940.559
_bR I
100 1 _aREES, G.WYN
245 1 0 _aINTERNATIONAL POLITICS IN EUOPE: THE NEW AGENDA /
_cREES, G.WYN
260 _a[S.N] :
_bROUTLEDGE ،
_c1993
300 _a191 P
650 0 4 _aEUROPE POLITICS AND GOVERNMENT
942 _2ddc
_cBK
999 _c23987
_d23987